Educare alla cittadinanza nei contesti interculturali. (Record n. 360669)
[ formato base ]
| 000 -LEADER | |
|---|---|
| campo di controllo lung. fissa | 02040nam a22002177a 4500 |
| 003 - Identificatore del numero di controllo | |
| campo di controllo | IT-MiCISF |
| 005 - Data e orario dell'ultima transazione | |
| campo di controllo | 20251121123731.0 |
| 008 - Elementi di lunghezza fissa--Informazione generale | |
| campo di controllo lung. fissa | 251121b |||||||| |||| 00| 0 eng d |
| 020 ## - ISBN (International Standard Book Number) | |
| ISBN (International Standard Book Number) | 9788829020454 |
| 040 ## - Fonte della catalogazione | |
| Agenzia che fa la trascrizione | IT-MiCISF |
| 100 ## - Accesso principale -- nome di persona | |
| Nome di persona | Scialdone Antonello, Aru Silvia (a cura di) |
| 9 (RLIN) | 62780 |
| 245 ## - Formulazione del titolo | |
| Titolo | Educare alla cittadinanza nei contesti interculturali. |
| Complemento del titolo | Territori e prospettive di integrazione di studenti con background migratorio |
| 260 ## - Pubblicazione, distribuzione, ecc. (stampa) | |
| Luogo di pubblicazione, distribuzione, ecc. | Roma, |
| Nome dell'editore, distributore, ecc. | Carocci, |
| Data di pubblicazione, distribuzione, ecc. | 2023 |
| 300 ## - Descrizione fisica | |
| Estensione | pp. 144 |
| 500 ## - Nota generale | |
| Nota generale | bambini-immigrati, educazione, scuola, statistica, diritti-bambino, società, esperienze |
| 520 ## - Riassunto, ecc. | |
| Nota di riassunto, ecc. | Frutto della collaborazione tra l'Istituto Nazionale per l'Analisi delle Politiche Pubbliche (INAPP) e l'Associazione Italiana Insegnanti di Geografia (AIIG), il volume raccoglie contributi di docenti ed esperti impegnati nell'insegnamento e nella ricerca sui temi dell'intercultura e dello studio dei fenomeni migratori. Si offrono evidenze empiriche originali e riflessioni teorico-metodologiche utili a favorire processi di integrazione e di promozione della cittadinanza, con particolare riferimento al contesto educativo: accanto a testi di interesse geografico sono presenti analisi derivanti da altri ambiti disciplinari, relativi alle scienze sociali, statistiche, pedagogiche. L'intento del libro è duplice: costruire rappresentazioni credibili della questione migratoria e delle problematiche connesse (convivenza interetnica, segregazione scolastica e rischi di dispersione formativa) e suggerire linee di intervento coerenti con l'obiettivo di educare alla cittadinanza globale, facendo leva sulla dimensione territoriale. |
| 650 ## - Accesso aggiunto di soggetto--termine topico | |
| Termine topico o nome geografico come accesso | Educazione |
| 654 ## - Accesso aggiunto di soggetto--termini topici faccettati | |
| Termine principale | saggio |
| 700 ## - Accesso aggiunto--nome di persona | |
| Nome di persona | Grillo S.D., Morri R., Di Padova P., Chiurco L., Rosano A., Batini F., Surian A., |
| -- | De Carlo M.E., Picone M., Luisi D., Porcarelli C., Pasquinelli D'Allegra D., |
| -- | Giantomasso C., Baldassarre L., Simonetti L., Puttilli M., Berti E., |
| -- | Marcasciano G., Sarno E., Aru S., Inazio S., Lesmo I. |
| 9 (RLIN) | 62781 |
| 942 ## - Dati aggiuntivi (Koha) | |
| Fonte della classificazione o dello schema di collocazione (segnatura) | Dewey Decimal Classification |
| Tipo copia default (Koha) | LIBRO |
| Ritirato (status) | Perso (status) | Fonte della classificazione o dello schema di collocazione (segnatura) | Danneggiato (status) | Non per il presito | Biblioteca proprietaria | Biblioteca in cui si trova | Data d'acquisizione | Totale prestiti | Collocazione | Codice a barre | Data ultima operazione | Prezzo in vigore dal | Tipo copia default (Koha) |
|---|---|---|---|---|---|---|---|---|---|---|---|---|---|
| Dewey Decimal Classification | Buone Condizioni | Not For Loan | CISF - Milano | CISF - Milano | 21/11/2025 | B7902 | 9788829020454 | 21/11/2025 | 21/11/2025 | LIBRO |